| 000 | 00438nam a22001817a 4500 | ||
|---|---|---|---|
| 003 | OSt | ||
| 005 | 20180116183058.0 | ||
| 008 | 161026b xxu||||| |||| 00| 0 eng d | ||
| 020 | _a0 | ||
| 040 | _c0 | ||
| 082 | _a823.7 AUS1817 | ||
| 100 | _aJane Austen | ||
| 245 |
_aPride and Prejudice _cJane Austen |
||
| 260 |
_aEngland _bPremier Printers _c1817 |
||
| 300 |
_a133 p. _bHB |
||
| 440 | _aPride and Prejudice | ||
| 942 |
_2ddc _cBK |
||
| 999 |
_c351900 _d351900 |
||